Pokémon - Les attaques de Pohm - Statistiques

Statistiques générales
  • Ce quiz a été pris 9 fois
  • Le résultat moyen est 11 sur 15
Statistiques - réponses
Niveaux Types Noms des attaques % Correct
Niveau 38 Électrique Coup d'Jus
100%
Niveau 3 Électrique Éclair
100%
Niveau 12 Électrique Frotte-Frimousse
100%
Niveau 19 Ténèbres Morsure
100%
Niveau 15 Sol Tunnel
100%
Niveau 27 Électrique Cage Éclair
83%
Niveau 23 Électrique Étincelle
83%
Niveau 40 Psy Hâte
83%
Départ Normal Rugissement
83%
Niveau 44 Électrique Éclair Fou
67%
Niveau 8 Électrique Chargeur
50%
Départ Normal Griffe
50%
Niveau 6 Normal Vive-Attaque
50%
Niveau 35 Normal Souplesse
33%
Niveau 31 Normal Ten-Danse
0%
Aucun quiz correspondant
Distribution des résultats
% des personnes avec chaque résultat
Percentile par nombre de réponses
Votre historique - résultats
Vous n’avez pas pris ce quiz